Cameroon WC 2022 Squad - Statistics

General Stats
  • This quiz has been taken 12 times
  • The average score is 6 of 26
Answer Stats
Hint # Answer % Correct
Inter 23 Andre Onana
92%
Bayern 13 Eric Choupo-Moting
92%
Al Nassr 10 Vincent Aboubakar
92%
Napoli 8 Frank Anguissa
83%
Brentford 20 Bryan Mbeumo
58%
Lyon 12 Karl Toko Ekambi
58%
Nantes 21 Jean-Charles Castelletto
33%
Young Boys 9 Jean-Pierre Nsame
25%
Besiktas 7 Georges-Kevin Nkoudou
17%
Swansea 22 Olivier Ntcham
17%
Marseille 1 Simon Ngapandouetnbu
17%
Shanghai Shenhua 11 Christian Bassogog
8%
Stade Rennais 4 Christopher Wooh
8%
Abha Club 16 Devis Epassy
8%
Dinamo Moscow 6 Nicolas Ngamaleu
8%
Seattle Sounders 25 Nouhou Tolo
8%
Al-Tai 19 Collins Fai
0%
Udinese 24 Enzo Ebosse
0%
Hannover 96 5 Gael Ondoua
0%
Colombe 2 Jerome Mbekeli
0%
Hellas Verona 18 Martin Hongla
0%
Aris 3 Nicolas Nkoulou
0%
Philadelphia Union 17 Olivier Mbaizo
0%
Olympiacos 15 Pierre Kunde
0%
Mechelen 14 Samuel Oum Gouet
0%
Coton Sport 26 Souaibou Marou
0%
No matching quizzes found
Score Distribution
Percent of People with Each Score
Percentile by Number Answered
Your Score History
You have not taken this quiz